| 000 | 00462nam a2200157 i 4500 | ||
|---|---|---|---|
| 999 |
_c7425 _d7425 |
||
| 003 | OSt | ||
| 005 | 20211123112507.0 | ||
| 008 | 911014s1956 sp f 000 0 spa d | ||
| 040 |
_aES-MaCSI. _bspa. _cCDMR _dA2 0060086 |
||
| 100 |
_aZúñiga, Ángel _94727 |
||
| 245 | 1 | 0 |
_aNorteamérica a la vista _c/ Ángel Zúñiga |
| 260 |
_aBarcelona : _bBarna, _c1956 |
||
| 300 |
_a180 pàgines : _blàm. ; _c19 cm |
||
| 650 | 0 |
_9797 _aReportatges literaris |
|
| 942 |
_2udc _cMON |
||